000 00819nam a2200241 a 4500
008 951213s1979||||[C 0 slo c
020 _c16 Kčs.
_q(10000 výtl.)
040 _aSNK
_bslo
_cSNK
_eAACR2
041 1 _aslo
_hrus
044 _axo
_cSK
080 _a1 100.1(081.2)
080 _a1 100.4(081.2)
100 1 _aLenin, Vladimir Iľjič
_4aut
245 1 0 _aVybrané ekonomické práce. Zv. 2
_cVladimir Iľjič Lenin ; Zdeněk Hába, Ladislav Hruškovič
250 _a1., vyd.
260 _aBratislava
_bPravda
_c1979
_eBratislava
_fPravda
300 _a512 s., 31,94 AH
_c21 cm
490 0 _aČlenská knižnica Pravda
500 _aLit. 46. Pozn. 46 zázn. lit. o knihách, čl. a zbor. v jaz. slov., čes. a rus.
700 1 _aHába, Zdeněk
_4com
700 1 _aHruškovič, Ladislav
_4bkd
958 _aA
999 _c15514
_d15514